Catálogo público

Especificidad tisular de diez proteínas de unión a olores (OBPS), en tres estados de maduración de adultos de Ceratitis capitata (Weidemann)/ (Record no. 220683)

MARC details
000 -CABECERA
campo de control de longitud fija 02951nam a2200325 a 4500
003 - IDENTIFICADOR DEL NÚMERO DE CONTROL
campo de control OSt
005 - FECHA Y HORA DE LA ÚLTIMA TRANSACCIÓN
campo de control 20250708140604.0
007 - CAMPO FIJO DE DESCRIPCIÓN FÍSICA--INFORMACIÓN GENERAL
campo de control de longitud fija cr ||||||a|a|a
008 - DATOS DE LONGITUD FIJA--INFORMACIÓN GENERAL
campo de control de longitud fija 250624s2025 mx a|||fom||| 001 0 spa d
040 ## - FUENTE DE LA CATALOGACIÓN
Normas de descripción rda
100 1# - ENTRADA PRINCIPAL--NOMBRE DE PERSONA
Nombre de persona Reyes Santiago, Maria Guadalupe
9 (RLIN) 190511
245 10 - MENCIÓN DE TÍTULO
Título Especificidad tisular de diez proteínas de unión a olores (OBPS), en tres estados de maduración de adultos de Ceratitis capitata (Weidemann)/
Mención de responsabilidad, etc. por Maria Guadalupe Reyes Santiago; director de tesis José Manuel Pineda Rios; secretario Obdulia Lourdes Segura Leon; vocal Brenda Torres Huerta; suplente Oscar Morales Galván; suplente Candelario Santillan Ortega.
264 #1 - PRODUCCIÓN, PUBLICACIÓN, DISTRIBUCIÓN, FABRICACIÓN Y COPYRIGHT
Producción, publicación, distribución, fabricación y copyright Chapingo, México :
Nombre del de productor, editor, distribuidor, fabricante El autor,
Fecha de producción, publicación, distribución, fabricación o copyright 2024.
300 ## - DESCRIPCIÓN FÍSICA
Extensión 1 recurso en línea (55 páginas):
Otras características físicas cuadros, figuras.
336 ## - TIPO DE CONTENIDO
Fuente rdacontent
Término de tipo de contenido texto
Código de tipo de contenido txt
337 ## - TIPO DE MEDIO
Fuente rdamedia
Nombre/término del tipo de medio computadora
Código del tipo de medio c
338 ## - TIPO DE SOPORTE
Fuente rdacarrier
Nombre/término del tipo de soporte recurso en línea
Código del tipo de soporte cr
502 ## - NOTA DE TESIS
Tipo de título Ingeniero Agrónomo Especialista en Parasitología Agrícola
Nombre de la institución que otorga el título Departamento de Enseñanza, Investigación y Servicio en Parasitología Agrícola,
Año de obtención del título 2024.
Información miscelánea Licenciatura
504 ## - NOTA DE BIBLIOGRAFÍA, ETC.
Nota de bibliografía, etc. Incluye referencias bibliográficas: páginas 42-54.
520 ## - SUMARIO, ETC.
Sumario, etc. La mosca del mediterráneo de la fruta Ceratitis capitata (Wiedemann), conocida comúnmente como moscamed, es considerada una de las plagas más destructivas del mundo. Es una especie polífaga, capaz de alimentarse de más de 200 especies de plantas y tiene una gran capacidad de adaptarse a una amplia gama de climas. La comunicación en insectos se basa en gran parte en los estímulos olfatorios del ambiente que guían conductas para su reproducción y supervivencia. La quimiorrecepción juega un papel importante en el comportamiento de cortejo y apareamiento de la moscamed, este sistema está mediado por un conjunto de proteínas sensoriales, entre ellas las proteínas receptoras como las de unión a olores (OBPs), proteínas pequeñas, globulares y solubles en agua, presentes en los órganos sensoriales. Pese a la importancia de las OBPs en la detección de semioquímicos y en el comportamiento, existe una falta de consenso en el número y clasificación de las OBPs en la mosca del mediterráneo, así como en su caracterización funcional y perfiles de expresión tisular. Por lo anterior, este trabajo se centró en la caracterización de la expresión génica de diez CcapObps en órganos sensoriales de adultos silvestres machos y hembras de Ceratitis capitata en tres estados fisiológicos.
650 #4 - PUNTO DE ACCESO ADICIONAL DE MATERIA--TÉRMINO DE MATERIA
Término de materia o nombre geográfico como elemento de entrada Mosca del mediterraneo
Subdivisión general Genética
9 (RLIN) 188444
650 #4 - PUNTO DE ACCESO ADICIONAL DE MATERIA--TÉRMINO DE MATERIA
Término de materia o nombre geográfico como elemento de entrada Mosca del mediterraneo
Subdivisión general Fisiología y morfología
9 (RLIN) 190779
700 1# - PUNTO DE ACCESO ADICIONAL--NOMBRE DE PERSONA
Nombre de persona Pineda Rios, José Manuel
Término indicativo de función/relación director de tesis.
9 (RLIN) 88174
700 1# - PUNTO DE ACCESO ADICIONAL--NOMBRE DE PERSONA
Nombre de persona Segura Leon, Obdulia Lourdes
9 (RLIN) 164745
Término indicativo de función/relación secretario.
700 1# - PUNTO DE ACCESO ADICIONAL--NOMBRE DE PERSONA
Nombre de persona Torres Huerta, Brenda
9 (RLIN) 190670
Término indicativo de función/relación vocal.
700 1# - PUNTO DE ACCESO ADICIONAL--NOMBRE DE PERSONA
Nombre de persona Morales Galván, Oscar
9 (RLIN) 78271
Término indicativo de función/relación suplente.
700 1# - PUNTO DE ACCESO ADICIONAL--NOMBRE DE PERSONA
Nombre de persona Santillán Ortega, Candelario
Término indicativo de función/relación suplente.
9 (RLIN) 102429
856 ## - LOCALIZACIÓN Y ACCESO ELECTRÓNICOS
Identificador Uniforme del Recurso http://10.13.5.2/tesis/tl/1712235-8_REYES_SANTIAGO_MARIAGUADALUPE.pdf
Nota pública DESCARGAR PDF
942 ## - ELEMENTOS DE PUNTO DE ACCESO ADICIONAL (KOHA)
Fuente del sistema de clasificación o colocación Clasificación Universidad Autónoma Chapingo
Tipo de ítem Koha Tesis digital
Holdings
Estado de retiro Estado de pérdida Fuente del sistema de clasificación o colocación Estado dañado Restricciones de uso No para préstamo Código de colección Localización permanente Ubicación/localización actual Ubicación en estantería Fecha de adquisición Total de préstamos Signatura topográfica completa Fecha visto por última vez Precio válido a partir de Tipo de ítem Koha
    Clasificación Universidad Autónoma de Chapingo   Préstamo interno   Tesis digitales de Licenciatura Biblioteca Digital Biblioteca Digital En línea 24/06/2025   Tesis digital 24/06/2025 24/06/2025 Tesis digital